Sports Quiz

Random Sports or Baseball Quiz

MLB - Teams that have never lost a World Series Quiz Stats

 Plays Quiz not verified by Sporcle

Also try: SEC States
Challenge
Share
Tweet
Embed
Score 0/6 Timer 02:00
0 Plays Today
% Correct
Arizona Diamondbacks
81.6%
Miami Marlins
77.8%
Toronto Blue Jays
65.8%
LA Angels
59.4%
Washington Nationals
46.1%
Seattle Mariners
44.7%

You're not logged in!

Compare scores with friends on all Sporcle quizzes.
Join for Free
OR
Log In

You Might Also Like...

Show Comments

Extras

Top Quizzes Today


Score Distribution

Your Account Isn't Verified!

In order to create a playlist on Sporcle, you need to verify the email address you used during registration. Go to your Sporcle Settings to finish the process.

Report this User

Report this user for behavior that violates our Community Guidelines.

Details: